Welcome to the Holygrace Academy Library

Please use search bar below to get started

VALAYIL KUDUNGIYA MUKKUVAN (Record no. 4894)

MARC details
000 -LEADER
fixed length control field 00290nam a22001337a 4500
082 ## - DEWEY DECIMAL CLASSIFICATION NUMBER
Classification number 894.812.3
Item number LUI/V
100 ## - MAIN ENTRY--AUTHOR NAME
Personal name MANJALI, LOOIS
245 ## - TITLE STATEMENT
Title VALAYIL KUDUNGIYA MUKKUVAN
260 ## - PUBLICATION, DISTRIBUTION, ETC. (IMPRINT)
Place of publication THRISSUR
Name of publisher MMB PUBLISHERS
Year of publication 2008
300 ## - PHYSICAL DESCRIPTION
Number of Pages 148
520 ## - SUMMARY, ETC.
Summary, etc NOVEL
650 ## - SUBJECT ADDED ENTRY--TOPICAL TERM
Topical Term NOVEL
942 ## - ADDED ENTRY ELEMENTS (KOHA)
Koha item type Books
Holdings
Withdrawn status Lost status Collection code Home library Current library Shelving location Date acquired Source of acquisition Full call number Accession Number Koha item type
    Fiction Main Library Main Library SHELF-16- I- MALAYALAM NOVELS,FICTIONS 12/05/2009 CONTRIBUTION 894.812.3 LUI/V 02029 Books